Functions of a Complex Variable (Record no. 1616)

MARC details
000 -LEADER
fixed length control field 00325nam a2200133Ia 4500
008 - FIXED-LENGTH DATA ELEMENTS--GENERAL INFORMATION
fixed length control field 191201s2005 xx 000 0 und d
100 ## - MAIN ENTRY--PERSONAL NAME
Personal name GOYAL, J K
245 #0 - TITLE STATEMENT
Title Functions of a Complex Variable
250 ## - EDITION STATEMENT
Edition statement 1st
260 ## - PUBLICATION, DISTRIBUTION, ETC. (IMPRINT)
Place of publication, distribution, etc N.Delhi
Name of publisher, distributor, etc Pragati Prakashan Meerut
Date of publication, distribution, etc 2005
300 ## - PHYSICAL DESCRIPTION
Extent 524
650 ## - SUBJECT ADDED ENTRY--TOPICAL TERM
Topical term or geographic name as entry element Applied
942 ## - ADDED ENTRY ELEMENTS (KOHA)
Source of classification or shelving scheme Dewey Decimal Classification
Koha item type Text Books
Holdings
Withdrawn status Lost status Source of classification or shelving scheme Damaged status Not for loan Collection code Home library Current library Date acquired Source of acquisition Cost, normal purchase price Bill Number Total Checkouts Full call number Acc. no. / Barcode Date last seen Date last borrowed Bill Date Koha item type Checked out
    Dewey Decimal Classification     Applied Sc. PIET C-LIBRARY PIET C-LIBRARY 18/08/2006 M/s UDH , Delhi 160.00 125382 1 515.9 GOF 2791 18/12/2021 25/06/2021 23/08/2005 Text Books  
    Dewey Decimal Classification     Applied Sc. PIET C-LIBRARY PIET C-LIBRARY 18/08/2006 M/s UDH , Delhi 160.00 125382   515.9 GOF 2792 04/12/2019   23/08/2005 Text Books 11/01/2019
    Dewey Decimal Classification     Applied Sc. PIET C-LIBRARY PIET C-LIBRARY 18/08/2006 M/s UDH , Delhi 160.00 125382   515.9 GOF 2793 04/12/2019   23/08/2005 Text Books  
    Dewey Decimal Classification     Applied Sc. PIET C-LIBRARY PIET C-LIBRARY 18/08/2006 M/s UDH , Delhi 160.00 125382   515.9 GOF 2794 04/12/2019   23/08/2005 Text Books  

Design & Developed by: PIET Central Library
R70 Miles Stone Pattikalyana Samalkha Panipat 132102
mail ID :- [email protected], Phone No:- 0180-2569700 Ex.216